Statistiques concernant Tennis : Classement ATP - Septembre 2022

Cliquez ici pour prendre le quiz!

Statistiques générales

  • Ce quiz a été pris 521 fois
  • Le résultat moyen est 16 sur 20

Statistiques - réponses

Classement *Mois dernierAn dernierJoueurPoints% Correct
6=- 5Novak Djokovic4 770
99%
3=+ 2Rafael Nadal5 630
99%
5=- 2Stefanos Tsitsipas4 890
98%
4=+ 51Carlos Alcaraz5 100
97%
2=+ 2Alexander Zverev5 760
95%
7=+ 4Casper Ruud4 695
94%
1=+ 1Daniil Medvedev6 885
94%
8+ 1+ 7Felix Auger-Aliassime3 625
84%
13- 3+ 3Jannik Sinner3 020
84%
9+ 3+ 20Cameron Norrie3 415
81%
19=- 1Grigor Dimitrov1 730
80%
14=- 6Matteo Berrettini2 360
80%
11- 3- 4Andrey Rublev3 120
76%
17- 1+ 19Marin Cilic2 175
75%
10+ 1+ 3Hubert Hurkacz3 355
73%
16- 1- 2Diego Schwartzman2 200
70%
12+ 1+ 30Taylor Fritz3 090
70%
15+ 8- 3Pablo Carreno Busta2 340
63%
18=+ 3Roberto Bautista Agut1 840
62%
20+ 1- 3Alex de Minaur1 665
61%

Distribution des résultats

Percentile par nombre de réponses

% des personnes avec chaque résultat

Votre développement - résultats

Vous n’avez pas pris ce quiz